000 00840nab a2200253 u 4500
001 08595
003 HDC
007 cr bn ---aaaaa
008 210131c20141208my dr|nes 0 a eng d
040 _aHDC
100 _aGeraldine, Avila,
_eauthor
_99060
245 0 _a42 get grants for business /
_cby Avila Geraldine
260 _aKuala Lumpur :
_bNew Straits Times Press (M) Bhd.,
_c2014
336 _atext
_2rdacontent
337 _acomputer
_2rdamedia
338 _aonline resource
_2rdacarrier
650 _aBusiness grant
_99061
650 _aSmall business
_9208
710 _aNew Straits Times
856 _zRequest full-text at [email protected]
942 _2lcc
942 _cNEWS
942 _kNWSC 000761
999 _c5918
_d5918